Về từ cõi chết = Night, dawn, accident

Tallennettuna:
Bibliografiset tiedot
Päätekijä: Wiesel, Elie
Aineistotyyppi: Kirja
Kieli:Undetermined
Julkaistu: Hà Nội Văn học 2003
Aiheet:
Tagit: Lisää tagi
Ei tageja, Lisää ensimmäinen tagi!
Thư viện lưu trữ: Trung tâm Học liệu Trường Đại học Cần Thơ
LEADER 00580nam a2200205Ia 4500
001 CTU_60460
008 210402s9999 xx 000 0 und d
020 |b 50000 
082 |a 843.91 
082 |b W651 
100 |a Wiesel, Elie 
245 0 |a Về từ cõi chết = 
245 0 |b Night, dawn, accident 
245 0 |c Elie Wiesel; Nguyễn Ước biên dịch 
260 |a Hà Nội 
260 |b Văn học 
260 |c 2003 
650 |a French fiction ( vietnamese ) 
904 |i Minh, Năm 
980 |a Trung tâm Học liệu Trường Đại học Cần Thơ